| 000 | 00000nmm##2200000za#4500 |
| 001 | 9.646295 |
| 003 | CaOODSP |
| 005 | 20200925131359 |
| 007 | cj ||||||||||| |
| 008 | 150407|1996||||xxc |q d#f eng|d |
| 020 | |a0-662-24932-1 |
| 040 | |aCaOODSP|beng |
| 043 | |an-cn--- |
| 086 | 1 |aJS92-43/1996E-MR1 |
| 110 | 1 |aCanada. |bNational Parole Board. |
| 245 | 10|aNPB policy manual |h[electronic resource] |
| 260 | |aOttawa - Ontario : |bSolicitor General Canada. |c1996. |
| 300 | |a1 diskette, 3.5". Word 6.0. |
| 500 | |aContents: Introduction.--General: Risk assessment for pre-release decision-making criteria and process; Hallmarks of quality decision making; Psychological and psychiatric assessments; Eligibilities.--Temporary absence.--Parole: Day parole; Full parole; Accelerated review; Deportation/extradition/voluntary departure.--Statutory release.--Detention.--Release conditions: Release conditions; Residency and day parole leave privileges.--Post release interventions.--Hearings and reviews: Reviews; Hearings; Observers; Assistants; Interpreters; Adjournments; Waivers; Postponements.--Disclosure of information: Disclosure to offender; Disclosure to victims; Information from victims.--Records of reviews and decisions.--Appeals.--Miscellaneous: Communicable diseases/AIDs; Prohibition from driving.--Clemency and pardons. |
| 590 | |a96-33|b1996-08-16 |
| 690 | 07|aParole|2gcpds |
| 776 | 0#|tNPB policy manual |w(CaOODSP)9.698048 |